000 00302nam a22001337a 4500
008 181002b xxu||||| |||| 00| 0 eng d
020 _a0471869805
041 _aeng
080 _a316
100 _a51
101 _aSOC
245 _aSocial Problems Impact And Solution
_cJohn.s
942 _2udc
_cBK
999 _c48768
_d48768